| 000 | 00594nam a2200193Ia 4500 | ||
|---|---|---|---|
| 003 | GCL | ||
| 008 | 140319s9999 xx 000 0 ara d | ||
| 040 |
_aGCL / _cGCL |
||
| 082 | 0 | 4 |
_a811.0091 _bع ح |
| 100 | 1 | _aعبدالوهاب البياتى | |
| 245 | 1 | 0 |
_aحرائق الشعراء / _cعبدالوهاب البياتى |
| 260 |
_a[S.N] : _bالمؤسسة العربية للدراسات والنشر ، _c1994 |
||
| 300 | _a119 ص | ||
| 490 | _a | ||
| 650 | 0 | 4 | _aالشعر العربى |
| 650 | 0 | 4 | _aالادب العربى |
| 650 | 0 | 4 | _aالعصر الحديث |
| 942 |
_2ddc _cBK |
||
| 999 |
_c55788 _d55788 |
||